000 00942nam a2200265Ia 4500
003 OSt
005 20220927115128.0
006 a|||||r|||| 00| 0
007 ta
008 220926b |||||||| |||| 00| 0 eng d
024 _a102436
037 _cThesis and Dissertations
040 _aRTL
_cRTL
_beng
041 _2eng
_aeng
082 _a"X9(J711):95.252E.N8, M5"
100 _aGupta Vibha
_9391377
110 _aUniversity of Delhi. Faculty of Commerce and Business Studies. Department of Commerce
245 0 _a"Recruitment, selection and placement policy and pr"
260 _aDelhi
_bUniversity of Delhi India
_c1985
300 _a134p. Bibliography p.111-13
_ccm.
650 _aRubber Industry
700 _aUniversity of Delhi. Faculty of Commerce and Business Studies. Department of Commerce
942 _h"X9(J711):95.252E.N8, M5"
_cCC
999 _c706386
_d706386